00924cam a22002654a 4500999001500000001000500015003000900020005001700029008004100046020001500087020001600102040002300118082002100141100002200162245012400184260005200308300004800360500002000408650002400428650002600452700002300478700002600501942001200527952011900539 c5961d59611983BD-DhUAP20201223102836.0201223s1995 nyuab b 001 0 eng  a0314043411 a0314043403  aDLCcDLCdBD-DhUAP00a658.4012 HIT223 aHitt, Michael A. 10aStrategic management :bcompetitiveness and globalization /cMichael A. Hitt, R. Duane Ireland and Robert E. Hoskisson. aMinneapolis/St. Paul :bWest Publ. Co.,cc1995. axxiv, 1103 pages :billustrations ;c26 cm. aIncludes index. 0aStrategic planning. 0aStrategic Management. aIreland, R. Duane. aHoskisson, Robert E.  2ddccBK 00102ddc4070aUAPCLbUAPCLcGeneral Stacksd2020-12-23o658.4012 HITp3010001983r2020-12-23t1w2020-12-23yBK